| 000 | 00411nam a2200145 a 4500 | ||
|---|---|---|---|
| 001 | 000025762 | ||
| 005 | 20200930024029.0 | ||
| 008 | 110222s19uu dr ac 000 0 spa d | ||
| 040 |
_aDO-SdBNP _bspa _cBNPHU |
||
| 082 |
_axxx _bC735d |
||
| 245 | 0 | 0 | _aComo decir sí al señor. |
| 260 |
_aSanto Domingo : _bDiócesis de Baní _fAmigo del Hogar _c[19--?]. |
||
| 300 |
_a74 p. : _bil., retr. ; _c23 cm. |
||
| 049 | _aBNPD | ||
| 999 |
_c25254 _d25254 |
||